| 000 | 00603cam a2200157 a 4500 | ||
|---|---|---|---|
| 020 | _a0821328360 | ||
| 082 | 0 | 0 |
_a336.09172/4 _bANW _cD |
| 100 | 1 |
_aShah, Anwar. _937106 |
|
| 245 | 1 | 4 |
_aThe reform of intergovernmental fiscal relations in developing and emerging market economies _cAnwar Shah. |
| 260 |
_aWashington, D.C. : _bWorld Bank, _c1994. |
||
| 490 | 1 | _aPolicy and research series, | |
| 526 |
_a0 _b0 _c0 _d336_091724000000000_ANW |
||
| 650 | 0 |
_aIntergovernmental fiscal relations _zDeveloping countries. _937107 |
|
| 856 | 4 | 0 | _uhttp://www.columbia.edu/cgi-bin/cul/resolve?clio7698190 |
| 942 |
_2ddc _cBK |
||
| 999 |
_c542022 _d542022 |
||